000 01125nam a2200253Ia 4500
999 _c53427
_d53427
001 20470
003 GE_BSU
005 20201212213456.0
008 181216s1962||||ge |||||||||||||| ||geo||
040 _cGE_BSU
041 _ageo
080 _a811.353.1-8(075.3) თ-12
100 _aთაბუკაშვილი, შ.
_95999
245 _aქართული ენა :
_bმე-4 კლ. სახელმძღვ. /
_cშ. თაბუკაშვილი, ვ. რამიშვილი, თ. ჩერქეზიშვილი ; რედ. ე. პოლოლიკაშვილი.
250 _aმე-19 გამოცემა
264 _aთბილისი :
_bცოდნა,
_c1962.
300 _a291 გვ. :
_bილ. ;
_c22სმ.
541 _h48 თ.
653 _aქართული ენა
700 _a რამიშვილი, ვ.
_eავტორი
_99927
700 _aჩერქეზიშვილი, თ.
_eავტორი
_99925
700 _aპოლოლიკაშვილი, ე.
_eრედაქტორი
_94959
942 _cBK
_2udc